Statystyki dla Conajmniej dwuczłonowe nazwy państw

Kliknij tutaj aby rozwiązać quiz!

Ogólne statystyki

  • Ten quiz został rozwiązany 73 razy
    (22 od ostatniego zresetowania)
  • Średni wynik to 25 z 31

Statystyki odpowiedzi

NrPaństwo% Poprawnych
26Arabia Saudyjska
94%
28Korea Północna
94%
27Korea Południowa
94%
15Wyspy Świętego Tomasza i Książęca
94%
31Zjednoczone Emiraty Arabskie
94%
16Antigua i Barbuda
89%
8Gwinea Równikowa
89%
9Republika Południowej Afryki
89%
20Stany Zjednoczone
89%
14Sudan Południowy
89%
24Wyspy Marshalla
89%
1Bośnia i Hercegowina
83%
6Demokratyczna Republika Konga
83%
2Macedonia Północna
83%
25Wyspy Salomona
83%
7Gwinea Bissau
78%
22Nowa Zelandia
78%
11Republika Środkowoafrykańska
78%
10Republika Zielonego Przylądka
78%
3San Marino
78%
29Sri Lanka
78%
18St. Lucia
78%
21Trynidad i Tobago
78%
23Papua Nowa Gwinea
72%
12Sierra Leone
72%
17St. Kitts i Nevis
72%
30Timor Wschodni
72%
4Wielka Brytania
72%
13Wybrzeże Kości Słoniowej
72%
5Burkina Faso
67%
19St. Vincent i Grenadyny
61%

Rozkład punktacji

Percentyl według liczby udzielonych odpowiedzi

Procent ludzi z każdym wynikiem

Twoja historia wyników

Nie rozwiązałeś tego quizu od ostatniego zresetowania